|
|
|
|
| LEADER |
01600nam a22004093i 4500 |
| 001 |
EBC6379001 |
| 003 |
MiAaPQ |
| 005 |
20231204023215.0 |
| 006 |
m o d | |
| 007 |
cr cnu|||||||| |
| 008 |
231204s2013 xx o ||||0 eng d |
| 020 |
|
|
|a 9783866495500
|q (electronic bk.)
|
| 020 |
|
|
|z 9783847400059
|
| 035 |
|
|
|a (MiAaPQ)EBC6379001
|
| 035 |
|
|
|a (Au-PeEL)EBL6379001
|
| 035 |
|
|
|a (OCoLC)1039892213
|
| 040 |
|
|
|a MiAaPQ
|b eng
|e rda
|e pn
|c MiAaPQ
|d MiAaPQ
|
| 050 |
|
4 |
|a JZ1305
|
| 082 |
0 |
|
|a 327
|
| 100 |
1 |
|
|a Spindler, Manuela.
|
| 245 |
1 |
0 |
|a International Relations :
|b A Self-Study Guide to Theory.
|
| 250 |
|
|
|a 1st ed.
|
| 264 |
|
1 |
|a Leverkusen-Opladen :
|b Verlag Barbara Budrich,
|c 2013.
|
| 264 |
|
4 |
|c Ã2013.
|
| 300 |
|
|
|a 1 online resource (232 pages)
|
| 336 |
|
|
|a text
|b txt
|2 rdacontent
|
| 337 |
|
|
|a computer
|b c
|2 rdamedia
|
| 338 |
|
|
|a online resource
|b cr
|2 rdacarrier
|
| 588 |
|
|
|a Description based on publisher supplied metadata and other sources.
|
| 590 |
|
|
|a Electronic reproduction. Ann Arbor, Michigan : ProQuest Ebook Central, 2023. Available via World Wide Web. Access may be limited to ProQuest Ebook Central affiliated libraries.
|
| 650 |
|
0 |
|a World politics.
|
| 650 |
|
0 |
|a International relations.
|
| 650 |
|
0 |
|a International relations--Philosophy.
|
| 655 |
|
4 |
|a Electronic books.
|
| 776 |
0 |
8 |
|i Print version:
|a Spindler, Manuela
|t International Relations
|d Leverkusen-Opladen : Verlag Barbara Budrich,c2013
|z 9783847400059
|
| 797 |
2 |
|
|a ProQuest (Firm)
|
| 856 |
4 |
0 |
|u https://ebookcentral.proquest.com/lib/matrademy/detail.action?docID=6379001
|z Click to View
|